000 01220nas a2200373 i 4500
001 2850
003 ES-MaACL
005 20250814062602.0
007 t|
008 010531c1980 sp t| | 0 ||pa d
022 _a0210-8143
080 _a(460)
080 _a7
080 _a06
245 0 0 _aBoletín del Museo del Prado.
260 _aMadrid :
_bMuseo del Prado,
_c1980-
300 _a10 v. :
_bil. ;
_c25 cm.
310 _aAnual,
_b1989-
321 _aCuatrimestral,
_b1980-1988
362 0 _aT. 1, nº 1 (en.-abr. 1980)-
515 _aNo se publica de 1996 a 1998.
555 _aIndice números de 1980 a 2004 en CD-ROM.
650 1 7 _aArte
_2embne
_910068
650 4 _aInstituciones científicas y diversas
_913829
655 7 _aRevistas
_9226866
_2tgfbne
710 2 _aMuseo Nacional del Prado.
_9160001
852 _aES-MaACL
_jHEM-2070
_92954
_cHEM
_zExpurgado marzo 2025: posterior 1958; sin encuadernar; en acceso abierto
852 4 _aES-MaACL
_jROT 2/4/27
_cROT
856 _uhttps://dialnet.unirioja.es/servlet/revista?codigo=2007
_ySumarios de la revista en Dialnet
866 0 _o1980-2009.
942 _2udc
_cPERIODICA
999 _c2850
_d2850